000 00575nam a22001817a 4500
003 OSt
005 20260129034709.0
008 260129b |||||||| |||| 00| 0 eng d
020 _a971-550-356-x
040 _aDWC-Main Lib.
_cOC
082 _aFil. 959.031 R121w 2000
100 _aRafael, Vicente L.
245 _aWhite love and other events in filipino history/
_cVicente L. Rafael
260 _aPhilippines :
_bAteneo de manila press ;
_cc. 2000.
300 _axvii, 286 p. ;
_c23 cm.
500 _aIncludes bibliography and index.
942 _2ddc
_cBK - FIL
_hFil.
_n0
999 _c7946
_d7946